|
|
|
|
| LEADER |
00000nam a22000007a 4500 |
| 005 |
20191114205447.0 |
| 007 |
cr|||| |||| |
| 008 |
191114s2016 co |||||s|||| 00||0 spa d |
| 020 |
|
|
|a 978-958-762-604-9
|
| 035 |
|
|
|a 30674
|
| 040 |
|
|
|a vLex
|
| 090 |
|
|
|c 10000
|d 10000
|
| 100 |
1 |
|
|a Arango Mn︢era, Ivǹ Daro̕
|
| 245 |
1 |
0 |
|a Declaracin̤ de Renta Personas Naturales
|h [Recurso electrn̤ico] :
|b Conocimientos bs̀icos a travš de preguntas y respuestas /
|c Ivǹ Daro̕ Arango Mn︢era
|
| 256 |
|
|
|a Servicio en ln̕ea
|
| 260 |
|
|
|a Bogot:̀
|b Ediciones de la U,
|c 2016
|
| 300 |
|
|
|a 1 recurso electrn̤ico
|
| 500 |
|
|
|a Con la reforma tributaria del aǫ 2016 (Ley 1819) se realizaron cambios sustanciales a las obligaciones tributarias de las personas naturales en Colombia. El Decreto Reglamentario 2250 de diciembre 29 de 2017, realizo aclaraciones, adiciones y compilaciones a la reformar sustancial del tratamiento tributario para las personas naturales. Con la nueva normatividad es fundamental determinar en qu ̌cďula se ubica una persona natural con el fin de realizar la mejor depuracin̤ posible en la determinacin̤ de la renta lq̕uida gravable.
|
| 506 |
1 |
|
|a Disponible solo en los productos indicados
|d vLex Global
|d vLex Global (Academic Edition, excluding Law Schools)
|d vLex Global (U.S. Academic Edition, Law Schools)
|d vLex Global (U.S. Academic Edition, excluding Law Schools)
|d vLex Global (Academic Edition, Law Schools)
|
| 650 |
0 |
4 |
|a Derecho Tributario
|z Colombia
|
| 650 |
0 |
4 |
|a Contabilidad
|z Colombia
|
| 650 |
0 |
4 |
|a Banca y finanzas
|z Colombia
|
| 740 |
0 |
|
|a vLex Libros (Servicio en ln̕ea)
|
| 856 |
4 |
0 |
|u http://vlex.com/source/declaracion-de-renta-personas-naturales-conocimientos-basicos-a-traves-de-preguntas-y-respuestas-30674
|z Acceso restringido
|
| 942 |
|
|
|c BOOK
|
| 999 |
0 |
|
|a Tax Law
|
| 999 |
0 |
|
|a Accounting
|
| 999 |
0 |
|
|a Banking and finance
|